Statistics for Most Popular Flowers

Click here to take the quiz!

General Stats

  • This quiz has been taken 1,434 times
  • The average score is 4 of 10

Answer Stats

Flower Name% Correct
4Rose
99%
5Tulip
82%
2Daisy
78%
10Sunflower
58%
7Orchid
41%
3Lilac
25%
9Hydrangea
21%
1Gardenia
9%
6Lily of the Valley
5%
8Stephanotis
1%

Score Distribution

Percentile by Number Answered

Percent of People with Each Score

Your Score History

You have not taken this quiz